| 000 | aam a22 a 4500 | ||
|---|---|---|---|
| 999 |
_c1275 _d1275 |
||
| 003 | AKMAL | ||
| 005 | 20170509090151.0 | ||
| 008 | 170509s1993 my g 00 0 may d | ||
| 020 | _cRM3.50 | ||
| 040 | _aAKMAL | ||
| 082 | 0 | 4 | _a297.51 ISM |
| 090 | 0 | 0 |
_a297.51 _bISM |
| 100 |
_aIsmail Kamus, _cDato', Ustaz, _d1948- _92113 |
||
| 245 | 1 | 0 |
_aPanduan fardu 'ain / _cAl Ustaz Ismail Kamus |
| 260 |
_aBatu Caves, Selangor : _bMuafakat Enterprise, _c1993 |
||
| 300 | 0 | 0 |
_a126ms. ; _c19cm. |
| 500 | _aMengandungi ayat-ayat dari Quran | ||
| 650 | 0 |
_aIslam _xCustoms and practices _91330 |
|
| 650 | 0 |
_aReligious life _xIslam _9819 |
|
| 942 |
_2ddc _cBOOK |
||